00266nam a2200085Ia 4500008004100000100001800041245006900059260004300128260000900171170620s9999 xx 000 0 und d aSharma- R. A. 0aEssentials of Educational Technology- Managing Teaching Learning bMeerut- International Publishing House c2005